000 00253nam a2200097Ia 4500
001 808631
005 20250826171253.0
008 250824s9999 xx 000 0 und d
245 0 _aTÜRKİYEDE ÖRTÜLÜ SAVAŞ
_cZEKERİYA BEYAZ
260 _bDESTEK YAYINLARI
999 _c808631
_d808631